<?xml version="1.0" encoding="UTF-8"?>
<marc:record xmlns:marc="http://www.loc.gov/MARC21/slim">
   <marc:leader>00000nam a2200000 a 4500</marc:leader>
   <marc:datafield ind1="1" ind2=" " tag="100">
      <marc:subfield code="a">Lind, Hera</marc:subfield>
      <marc:subfield code="4">aut</marc:subfield>
      <marc:subfield code="e">Verfasser/-in</marc:subfield>
   </marc:datafield>
   <marc:datafield ind1=" " ind2=" " tag="653">
      <marc:subfield code="a">Roman</marc:subfield>
   </marc:datafield>
   <marc:datafield ind1=" " ind2=" " tag="653">
      <marc:subfield code="a">Biographischer Roman</marc:subfield>
   </marc:datafield>
   <marc:datafield ind1=" " ind2=" " tag="653">
      <marc:subfield code="a">DDR</marc:subfield>
   </marc:datafield>
   <marc:datafield ind1=" " ind2=" " tag="653">
      <marc:subfield code="a">Deutschland</marc:subfield>
   </marc:datafield>
   <marc:datafield ind1=" " ind2=" " tag="653">
      <marc:subfield code="a">Familiengeschichte</marc:subfield>
   </marc:datafield>
   <marc:datafield ind1="0" ind2="0" tag="245">
      <marc:subfield code="a">Die Hölle war der Preis</marc:subfield>
   </marc:datafield>
   <marc:datafield ind1="0" ind2="0" tag="245">
      <marc:subfield code="b">Roman nach einer wahren Geschichte</marc:subfield>
   </marc:datafield>
   <marc:datafield ind1="0" ind2="0" tag="245">
      <marc:subfield code="c">Hera Lind</marc:subfield>
   </marc:datafield>
   <marc:datafield ind1=" " ind2="1" tag="264">
      <marc:subfield code="a">München</marc:subfield>
      <marc:subfield code="b">Diana</marc:subfield>
      <marc:subfield code="c">2020</marc:subfield>
   </marc:datafield>
   <marc:datafield ind1=" " ind2=" " tag="250">
      <marc:subfield code="a">Originalausgabe</marc:subfield>
   </marc:datafield>
   <marc:datafield ind1="1" ind2=" " tag="520">
      <marc:subfield code="a">Gisa Stein, genannt Peasy, wächst in Oranienburg nahe Berlin auf. Ihr Traum ist es, Tänzerin zu werden, und sie schafft es bis an die Staatsoper. Doch hier gerät sie in die Fänge der Stasi. In ihrer Verzweiflung versucht sie mit ihrem Ehemann Edgar, einem rebellischen Architekten, in den Westen zu fliehen. In einer kalten Januarnacht 1974 wird das Paar an der Grenze festgenommen und wegen Republikflucht zu fast vier Jahren Haft verurteilt. Was Gisa dann im Frauenzuchthaus Hoheneck durchmacht, ist die Hölle. Von unzähligen Briefen, die Edgar ihr schreibt, erreicht sie nur ein einziger: Er liebt sie und glaubt die Lügen nicht, die im Gefängnis über sie verbreitet werden. Aber Gisa hat ein Geheimnis. Wie hoch ist der Preis dafür?</marc:subfield>
   </marc:datafield>
   <marc:datafield ind1=" " ind2=" " tag="020">
      <marc:subfield code="a">9783453360761</marc:subfield>
      <marc:subfield code="9">9783453360761</marc:subfield>
   </marc:datafield>
   <marc:datafield ind1=" " ind2=" " tag="020">
      <marc:subfield code="a">3453360761</marc:subfield>
      <marc:subfield code="9">3453360761</marc:subfield>
   </marc:datafield>
   <marc:datafield ind1=" " ind2=" " tag="300">
      <marc:subfield code="a">447 Seiten</marc:subfield>
   </marc:datafield>
</marc:record>
